Score 0/20 Timer 02:00
3 Plays Today
The Beach Boys Song Missing Word % Correct
___ VibrationsGood
95.4%
Fun, ___, FunFun
94.9%
When I ___ Up (To Be a Man)Grow
91.1%
Surfin' ___USA or Safari
89.3%
Dance, ___, DanceDance
88.1%
Wouldn't It Be ___Nice
88%
God Only ___Knows
86.2%
(Little) Surfer ___Girl
77.8%
___ GirlsCalifornia
75%
Help Me, ___Rhonda
71.2%
The Beach Boys Song Missing Word % Correct
The Warmth of the ___Sun
64.8%
___ AnnBarbara
64.2%
Catch a ___Wave
64.1%
I Get ___Around
57.8%
Little Saint ___Nick
54.9%
Little ___ CoupeDeuce
54.2%
___ John BSloop
45.1%
In My ___Room
43.8%
Don't ___, BabyWorry
43.1%
___ SoundsPet
33%

Today's Daily Dose

Remove Ads.
Support Sporcle.
Get the best of Sporcle when you Go Orange. This ad-free experience offers more features, more stats, and more fun while also helping to support Sporcle. Thank you for becoming a member.

You're not logged in!

Compare scores with friends on all Sporcle quizzes.
OR
Log In

Sporcle TV

Today on Sporcle TV


Watch our educational content, quiz creation guides, and fun videos on Sporcle TV.

Show Comments

Extras

Top Quizzes Today


Score Distribution

Paid Content

Your Account Isn't Verified!

In order to create a playlist on Sporcle, you need to verify the email address you used during registration. Go to your Sporcle Settings to finish the process.

Report this User

Report this user for behavior that violates our Community Guidelines.

Details: